000 00409nam a22001337a 4500
008 150916b xxu||||| |||| 00| 0 eng d
020 _a97812699398220
050 _aP 95 .A2 1976
245 _aFundamentals of speech communication.
260 _aBoston;
_bPearson,
_c1976.
300 _ax, 439 p. : ill.
_bIncludes index.
650 _aSpeech communication.
942 _2lcc
_cBOOKS
_hP 95 .A2 1976
999 _c5781
_d5781